Quizzes
Events
Quiz Creation
Community
Videos
Private Events
Remove Ads
Sign In
Join for FREE
Feedback
Dark Mode
Quiz Categories
Sports
Geography
Music
Movies
Television
Just For Fun
Miscellaneous
History
Literature
Language
Science
Gaming
Entertainment
Religion
Holiday
For Kids
Quiz Lab
Recent
Popular Today
Quiz Kudos Today
Editor Picks
Curator Picks
Quizzes by...
Day
Popularity
Type
Ratings
Length
Year
Community
Subscriptions
Recent Discussions
Orange Saloon
Badges
Playlists
Quests
Create
Leaderboards
Showdown
Live 5
Trivia Bingo
Activity
Puzzle Library
Sporcle Events
Private Events
Virtual Trivia
Globe League
Become a Host
Pub Owners
SporcleCon
Opinionation
Our Games
Videos
Blog
Mobile Apps
Partnerships
Remove Ads and Go Orange
Feedback
Sports
Athletes
MLB
NBA
NHL
NFL
Soccer
Sports Teams
WWE
NCAA
Football
Premier League
Basketball
Baseball
Hockey
Golf
Tennis
Cricket
Rugby
Auto Racing
Olympics
World Cup
Sports
Athletes
MLB
NBA
NHL
NFL
Soccer
Sports Teams
WWE
NCAA
Football
Premier League
Basketball
Baseball
Hockey
Golf
Tennis
Cricket
Rugby
Auto Racing
Olympics
World Cup
Random Quiz
Search Sporcle
×
Quiz Lab
Quiz Lab
Sports
Soccer
Type in answers that appear in a list
Type in answers that appear in a list
Classic
Best Score? Go Orange.
French Football Clubs Stats
Can you name the French Football Clubs (Ligue 1 to CFA2 Group D)?
By
agentklauts
20m
195 Questions
969 Plays
969 Plays
969 Plays
Comments
Comments
Give Quiz Kudos
Give Quiz Kudos
-
- Ratings
hide this ad
More Info
Replay
Link that replays current quiz
Next Quiz
Link to next quiz in quiz playlist
You Got
0%
They Got
Avg Score
26%
Avg Friend Score
Upgrade to see
Score Distribution
Jump to the score distribution portion of the page
Score
0/195
Timer
20:00
0
Plays Today
Division
Teams
% Correct
Ligue 1
Paris-Saint-Germain
97.7%
Ligue 1
Lyon
95.4%
Ligue 1
Marseille
94.1%
Ligue 1
Lille
92.5%
Ligue 1
Bordeaux
92.2%
Ligue 1
Auxerre
92.1%
Ligue 2
Monaco
89.5%
Ligue 1
Toulouse
88.9%
Ligue 1
Nice
88.4%
Ligue 2
Nantes
87.7%
Ligue 1
Rennes
87.6%
Ligue 1
Montpellier
86.8%
Ligue 1
Saint-Étienne
85.1%
Ligue 1
Ajaccio
84.2%
Ligue 2
Lens
83.8%
CFA 2 (Group C)
Strasbourg RC
82.9%
Ligue 1
Brest
82.5%
Ligue 1
Valenciennes
82.2%
Ligue 1
Nancy
80.9%
Ligue 1
Caen
80.1%
Ligue 2
Bastia
78.9%
Ligue 1
Dijon
78.7%
Ligue 1
Lorient
78.2%
Ligue 2
Metz
77.9%
Ligue 2
Le Havre
77%
Ligue 2
Reims
75.5%
Ligue 1
Sochaux
72.8%
Ligue 2
Guingamp
70.6%
Ligue 1
Evian Thonon Gaillard
70.2%
Ligue 2
Angers
69.8%
National
Nîmes
69.2%
Ligue 2
Troyes
68.3%
Ligue 2
Amiens
67.5%
National
Paris FC
66.5%
Ligue 2
Le Mans
65.9%
Ligue 2
Clermont Foot
64.7%
CFA (Group C)
Cannes
64.6%
National
Red Star
61.9%
Ligue 2
Sedan
59.1%
Ligue 2
Boulogne
58.5%
Ligue 2
Arles-Avignon
57.9%
National
Orléans
57.5%
Ligue 2
Tours
56.7%
National
Rouen
56.6%
CFA 2 (Group A)
Calais
55.6%
National
Gazélec Ajaccio
51.3%
Ligue 2
Stade Lavallois
50.8%
Ligue 2
Châteauroux
50.5%
CFA (Group C)
Pau
49.2%
National
Niort
47.7%
Ligue 2
Istres
47.6%
CFA (Group A)
Dunkerque
46.3%
National
Vannes
44.8%
CFA (Group B)
Mulhouse
43%
National
Colmar
39.7%
CFA (Group B)
Valence
37.8%
National
Martigues
36.8%
National
Quevilly
36.3%
CFA (Group C)
Béziers
34.1%
CFA (Group C)
Rodez
34%
National
Beauvais
33.2%
National
Cherbourg
32.1%
National
Poiré-sur-vie
28.4%
National
Épinal
27.7%
CFA 2 (Group D)
Bourges
26.7%
Division
Teams
% Correct
CFA (Group D)
Pacy
26.2%
National
Fréjus
26%
CFA 2 (Group B)
Arras
23.1%
National
Luzenac
23%
CFA (Group A)
CA Bastia
23%
CFA (Group C)
Gap
22.6%
National
Créteil
21.5%
CFA 2 (Group B)
Wasquehal
20.7%
CFA 2 (Group A)
Chambly
20.4%
CFA 2 (Group A)
Dieppe
19.7%
CFA (Group D)
Les Herbiers
19.7%
CFA (Group B)
Belfort
19.6%
CFA (Group D)
Concarneau
19.3%
CFA (Group C)
Tarbes
19.2%
CFA (Group D)
Carquefou
18.4%
CFA (Group D)
Avranches
17.9%
CFA (Group C)
Hyères
16.7%
National
Aviron Bayonnais
16.6%
CFA (Group C)
Albi
16.6%
CFA (Group C)
Consolat
16%
CFA (Group B)
Moulins
15.8%
CFA (Group B)
Bourg-Péronnas
15%
CFA 2 (Group D)
Mâcon
14.5%
CFA 2 (Group D)
Louhans-Cuiseaux
14.1%
CFA (Group B)
Lyon-Duchère
13.4%
CFA (Group B)
Raon-l'Étape
12.6%
CFA (Group A)
Drancy
11.2%
CFA (Group D)
Romorantin
10.9%
CFA (Group C)
Colomiers
10.3%
CFA 2 (Group C)
Schiltigheim
10.3%
CFA (Group A)
Ivry
10.1%
CFA (Group C)
Marignane
9.8%
CFA (Group A)
Aubervilliers
9.5%
CFA 2 (Group C)
Vesoul
9.3%
CFA (Group A)
Poissy
9.1%
CFA (Group B)
Yzeure
9.1%
CFA (Group D)
Mantes
8.9%
CFA 2 (Group D)
Montceau
8%
CFA (Group C)
Uzès
7.8%
CFA (Group D)
Luçon
7.6%
CFA (Group D)
Pontivy
7.4%
CFA 2 (Group C)
Chaumont
7.3%
CFA 2 (Group C)
Forbach
7.3%
CFA (Group D)
Saumur
7.1%
CFA (Group C)
Agde
7%
CFA 2 (Group C)
Pontarlier
6.5%
CFA (Group B)
Lyon reserves
6.4%
CFA (Group A)
Avion
6.3%
CFA (Group A)
Paris-Saint-Germain reserves
6.3%
CFA 2 (Group B)
Saint-Dizier
6.1%
CFA (Group A)
Lille reserves
6%
CFA 2 (Group C)
Auxerre reserves
5.9%
CFA (Group A)
Auxerre reserves
5.8%
CFA (Group C)
Bordeaux reserves
5.6%
CFA 2 (Group D)
Vierzon Foot
5.6%
CFA (Group A)
Alfortville
5.5%
CFA (Group C)
Monaco reserves
5.5%
CFA 2 (Group C)
Saint-Dié
5.2%
CFA (Group B)
Nancy reserves
5.2%
CFA 2 (Group A)
Saint-Omer
5.1%
CFA (Group C)
Saint-Étienne reserves
5.1%
CFA 2 (Group D)
Andrézieux
5%
CFA (Group A)
Lens reserves
5%
CFA (Group D)
Lorient reserves
5%
CFA (Group D)
Viry-Châtillon
4.9%
Division
Teams
% Correct
CFA (Group D)
Caen reserves
4.7%
CFA 2 (Group A)
Noisy-le-Sec
4.7%
CFA (Group B)
Amnéville
4.6%
CFA 2 (Group C)
Dijon reserves
4.6%
CFA (Group B)
Metz reserves
4.5%
CFA (Group D)
Fontenay
4.5%
CFA 2 (Group A)
Entente Sannois Saint-Gratien
4.5%
CFA (Group A)
Valenciennes reserves
4.3%
CFA 2 (Group D)
Ajaccio reserves
4.3%
CFA (Group B)
Sochaux reserves
4.2%
CFA (Group D)
Le Havre reserves
4.2%
CFA 2 (Group B)
Reims reserves
3.8%
CFA 2 (Group B)
Troyes reserves
3.8%
CFA (Group A)
Compiègne
3.5%
CFA 2 (Group D)
Bastia reserves
3.5%
CFA (Group A)
Villemomble
3.4%
CFA 2 (Group B)
Sedan reserves
3.4%
CFA (Group D)
La Vitréenne
3.3%
CFA 2 (Group A)
Gravelines
3.1%
CFA (Group D)
Le Mans reserves
3.1%
CFA 2 (Group D)
Clermont Foot reserves
2.9%
CFA (Group C)
Le Pontet
2.8%
CFA 2 (Group A)
Amiens reserves
2.7%
CFA (Group A)
AC Amiens
2.7%
CFA 2 (Group C)
Saint-Louis
2.6%
CFA 2 (Group A)
Boulogne reserves
2.3%
CFA (Group B)
Villefranche Beaujolais
2.3%
CFA 2 (Group C)
Jarville
2.2%
CFA 2 (Group D)
Châteauroux reserves
2.2%
CFA 2 (Group B)
Fleury-Mérogis
2.1%
CFA 2 (Group C)
Thaon
2.1%
CFA 2 (Group A)
Oissel
1.9%
CFA (Group C)
Stade Montois
1.9%
CFA 2 (Group B)
Paris FC reserves
1.8%
National
Besançon RC
1.7%
CFA 2 (Group B)
Sainte-Gendviève
1.6%
CFA (Group B)
Jura Sud Foot
1.5%
CFA 2 (Group A)
Eu
1.5%
CFA 2 (Group A)
Rouen reserves
1.5%
CFA 2 (Group A)
Grande-Synthe
1.3%
CFA 2 (Group A)
Issy-les-Moulineaux
1.3%
CFA 2 (Group A)
Marck
1%
CFA 2 (Group B)
Sport Athlétic Sézannais
0.9%
CFA 2 (Group C)
Illzach Modenheim
0.9%
CFA 2 (Group A)
Beauvais reserves
0.8%
CFA 2 (Group B)
Feignies
0.8%
CFA 2 (Group B)
Roye-Noyon
0.8%
CFA 2 (Group C)
Belfort Sud
0.8%
CFA (Group A)
US Sénart-Moissy
0.8%
CFA 2 (Group C)
Neuves-Maisons
0.5%
CFA 2 (Group C)
Steinseltz
0.5%
CFA 2 (Group B)
Créteil reserves
0.4%
CFA 2 (Group D)
Feurs
0.4%
CFA (Group B)
US Sarre-Union
0.3%
CFA 2 (Group D)
Cournon
0.3%
CFA 2 (Group D)
Échirolles
0.3%
CFA (Group B)
Monts d'Or Azergues Foot
0.2%
CFA 2 (Group B)
Fresnoy-le-Grand
0.2%
CFA 2 (Group B)
Racing Levallois
0.2%
CFA (Group A)
FC Aregno Calvi
0.1%
CFA (Group D)
Stade Plabbeneçois
0.1%
CFA 2 (Group D)
Saint-Georges-les-Ancizes
0.1%
CFA 2 (Group B)
Iris Cub de Croix
0%
CFA 2 (Group D)
Sud Nivernals Imphy Decize
0%
CFA 2 (Group D)
Theirs
0%
Quiz Playlist
Details
Report
Send in Message
Add To Playlist
More Info:
Hint: in lower-level divisions, there might be reserve teams... Coming soon: other CFA2 groups! Please leave feedback!
Classic:
Type in answers that appear in a list
Last Updated: Feb 16, 2017
Quiz Scoreboard
CHALLENGE
Sign Up to Join the Scoreboard
Show All
Scores
Hide
Comments
May contain spoilers
Recently Published
9x9 Crossword: Cartoon Network
by jackfrog10
Miscellaneous
3m
College Basketball Coaching Resumes
by pancakes188
Sports
9m
Billboard Blitz: Fleetwood Mac
by CooCooCachoo
Music
15s
More to Explore
Quiz From the Vault
Featured Blog Post
Where Did the Easter Bunny Come From?
hide this ad
You Might Also Like...
Tags
Soccer Quiz
France
Ligue 1
Tour de France
Today's Top Quizzes in Sports
Browse Sports
hide this ad
Today's Top Quizzes in Soccer
Browse Soccer
Top Contributed Quizzes in Sports
1
2022 World Cup Stars
2
Les meilleurs buteurs des matchs entre le PSG et l’OM
3
FIFA Club World Cup Champions
4
Les entraîneurs de l'OM et du PSG au 21e siècle
5
Criteria MLB: Left Handed Sluggers
6
AFC Teams Reveal (Wrong Answers Minefield)
7
2023 MLB Unique Player Accomplishments
8
Players with Multiple 50 Home Run Seasons
9
5-to-1: FBS Animal Nicknames
10
5-to-1: UK Sports Teams
Explore More
Trending Topics
Marvel
Kpop
Crossword
Harry Potter
Anime
NBA
Disney
Country
NFL
Pokémon
Song
Puzzle
Soccer
WWE
The Office
hide this ad
More By:
agentklauts
Quiz
Plays
Rating
Category
Featured
Created
Arsenal Francophone Players
14,023
2.28
Sports
Apr 14, 2012
African Arsenal Players
5,926
1.89
Sports
Apr 21, 2012
French Football Clubs
969
3.67
Sports
Feb 17, 2012
Non-European Arsenal Players
680
2.17
Sports
Apr 27, 2012
Basic French Verbs Conjugating
524
4.50
Language
Feb 15, 2012
Go to Creator's Profile
Score Distribution
Quiz Creator Spotlight
agentklauts
Follow
Send a Message
Quizzes Created
-
Created Quiz Play Count
-
More By This Creator
Popular Quizzes Today
1
Find the US States - No Outlines Minefield
2
Find the Countries of Europe - No Outlines Minefield
3
The Countries of the World
4
Find the US States
5
Risky Map Clicking: Biggest States A-Z
6
US States
7
Popular People in 1961
8
Movies - When Are They Set?
More Sports Quizzes
Last Ten: Glasgow Rangers Managers in Order
Quiz Lab
Trending Quizzes
Risky Map Clicking: Least Populous States A-Z
1-10 Letter G Words
1-10 Letter F Words
Risky Map Clicking: Next State Alphabetically
Adjectives in 80s TV Shows
Recently Updated
Leaping Animals
pecheneg
Reality TV Shows (A-Z)
bhenderson79
Rickey Henderson's Hall of Fame Teammates
pecheneg
Champions League XIs: Arsenal
pecheneg
Quick Pick: Celebrities in WWE's Hall of Fame
aduchscher
A-Z Keypad Blitz II
pecheneg
Multiple Oscar Actors
pecheneg
Mystery Phrase Blitz: Oscar 'Best Actors'
pecheneg
F. Scott Fitzgerald Novels
LTH
Pick 3 Villains
ddd62291
Trending Topics
Harry Potter
Crossword
Anime
Disney
NBA
Kpop
Marvel
NFL
Soccer
Puzzle
WWE
The Office
Country
Pokémon
Song
Your Account Isn't Verified!
In order to create a playlist on Sporcle, you need to verify the email address you used during registration. Go to your
Sporcle Settings
to finish the process.
Report this User
Report this user for behavior that violates our
Community Guidelines
.
Details:
Send Report
Go to the Sporcle.com Mobile Site →
Comments